000 01248cam a22003854a 4500
001 15131760
003 OSt
005 20140311161018.0
008 080108s2008 paua b 001 0 eng
010 _a 2008270160
020 _a9812591001
040 _aDLC
_cDLC
_dDLC
042 _apcc
050 0 0 _aRM 216
_b.K868 2004
245 0 0 _aKrause's food & nutrition therapy /
_c[edited by] L. Kathleen Mahan, Sylvia Escott-Stump.
246 3 0 _aFood & nutrition therapy
246 3 _aFood and nutrition therapy
250 _a11th ed.
260 _aSt. Louis, Mo. :
_bSaunders/Elsevier,
_c2004.
300 _axxiv, 1352 p. :
_bill. (some col.) ;
_c29 cm.
500 _aOriginally published: Krause's food, nutrition & diet therapy. Philadelphia, Pa. : W.B. Saunders, 2003.
521 _aNUR
650 0 _aDiet therapy.
650 0 _aNutrition.
650 0 _aFood.
700 1 _aMahan, L. Kathleen.
700 1 _aEscott-Stump, Sylvia.
730 0 _aKrause's food, nutrition & diet therapy.
906 _a7
_bcbc
_corigcop
_d2
_encip
_f20
_gy-gencatlg
942 _2lcc
_cBK
_kFOR
999 _c15529
_d15529